Into the abyss / (Record no. 4684)

MARC details
000 -LEADER
fixed length control field 01397cam a2200325 4500
001 - CONTROL NUMBER
control field 5563
005 - DATE AND TIME OF LATEST TRANSACTION
control field 20181127175755.0
008 - FIXED-LENGTH DATA ELEMENTS--GENERAL INFORMATION
fixed length control field 140425r20132012nyuab b 000 0 eng d
010 ## - LIBRARY OF CONGRESS CONTROL NUMBER
LC control number 2012949751
020 ## - INTERNATIONAL STANDARD BOOK NUMBER
International Standard Book Number 9780230762930
042 ## - AUTHENTICATION CODE
Authentication code lccopycat
043 ## - GEOGRAPHIC AREA CODE
Geographic area code n-cn-ab
100 1# - MAIN ENTRY--PERSONAL NAME
Personal name Shaben, Carol.
245 10 - TITLE STATEMENT
Title Into the abyss /
Remainder of title
Statement of responsibility, etc. Carol Shaben.
250 ## - EDITION STATEMENT
Edition statement 1st Grand Central Publishing edition
264 #1 - PRODUCTION, PUBLICATION, DISTRIBUTION, MANUFACTURE, AND COPYRIGHT NOTICE
Place of production, publication, distribution, manufacture New York :
Name of producer, publisher, distributor, manufacturer Macmillan,
Date of production, publication, distribution, manufacture, or copyright notice 2012.
300 ## - PHYSICAL DESCRIPTION
Extent 311 pages :
Other physical details illustrations, maps ;
Dimensions 24 cm
336 ## - CONTENT TYPE
Content type term text
Content type code txt
Source rdacontent
337 ## - MEDIA TYPE
Media type term unmediated
Media type code n
Source rdamedia
338 ## - CARRIER TYPE
Carrier type term volume
Carrier type code nc
Source rdacarrier
500 ## - GENERAL NOTE
General note Originally published: Toronto : Random House Canada, c2012.
504 ## - BIBLIOGRAPHY, ETC. NOTE
Bibliography, etc. note Includes bibliographical references (pages 306-307).
505 0# - FORMATTED CONTENTS NOTE
Formatted contents note Departure -- Impact -- Flight -- Wapiti -- Threshold -- Buried -- Fire - Missing -- Confession -- Search -- Abort -- Criminal -- Ice -- Rescue -- Hero -- Inquest -- Afterlife -- Fate -- Atonement -- Return.
520 ## - SUMMARY, ETC.
Summary, etc. An account of a deadly commuter plane crash that took place in northern Canada in 1984 involving a pilot, a politician, a cop and the criminal he was escorting.
650 #0 - SUBJECT ADDED ENTRY--TOPICAL TERM
Topical term or geographic name entry element Aircraft accidents
Geographic subdivision Alberta, Northern.
Topical term or geographic name entry element Airplane crash survival.
Topical term or geographic name entry element Commuter aircraft
General subdivision Accidents
Geographic subdivision Alberta, Northern.
651 #0 - SUBJECT ADDED ENTRY--GEOGRAPHIC NAME
Geographic name Alberta.
Geographic name Canadian Rockies (B.C. and Alta.)
Holdings
Withdrawn status Lost status Source of classification or shelving scheme Damaged status Not for loan Collection code Home library Current library Shelving location Date acquired Serial Enumeration / chronology Inventory number Total Checkouts Total Renewals Full call number Barcode Date last seen Date last checked out Price effective from Koha item type
    Dewey Decimal Classification     Main TEST RTC Library RTC Library Main opac 16/08/2023 8916 2 1 363.12 SHA 30009062 31/08/2023 16/08/2023 27/11/2018 Main
Royal Thimphu College || All Right Reserved